[Event "Campeoanto del Mundo Femenino Equipos"]
[Site "Ekaterinburg RUS"]
[Date "2007.05.24"]
[Round "5.53"]
[White "Blazkova, Petra"]
[Black "Modongo, Boikhutso"]
[Result "1-0"]
[WhiteElo "2237"]
[BlackElo "1962"]
[PlyCount "81"]
[EventDate "2007.05.20"]
[EventType "team"]
[EventCountry "RUS"]
[Source "lmi"]
[SourceDate "2007.05.19"]
[WhiteTeam "Czech Republic"]
[BlackTeam "Botswana"]
[WhiteTeamCountry "CZE"]
[BlackTeamCountry "BOT"]

1. e4 c5 2. b4 b6 3. bxc5 bxc5 4. Nc3 a6 5. Rb1 Qc7 6. Nd5 Qd8 7. Nb6 Ra7 8.
Na4 Nc6 9. Nxc5 e6 10. Nb3 Nf6 11. Bb2 Nxe4 12. Bd3 Nf6 13. Nf3 Be7 14. O-O O-O
15. Nbd4 Bb7 16. Nxc6 Bxc6 17. Bd4 Ra8 18. Ne5 Bd5 19. c4 Be4 20. Bxe4 Nxe4 21.
Rb7 Nf6 22. Qa4 Qc8 23. Rfb1 Rd8 24. Qa5 Bd6 25. c5 Bxe5 26. Bxe5 Nd5 27. Rb8
Rxb8 28. Rxb8 Qxb8 29. Bxb8 Rxb8 30. h3 h6 31. Qxa6 Rb1+ 32. Kh2 Rb2 33. Qc8+
Kh7 34. Qxd7 Kg6 35. c6 Rxa2 36. c7 Nxc7 37. Qxc7 Rxd2 38. Qf4 Rd5 39. g4 Rg5
40. h4 Rd5 41. h5+ 1-0